ბათუმის შოთა რუსთაველის სახელმწიფო უნივერსიტეტის ბიბლიოთეკა

Soil fertility and fertilizers : (ბიბ.ჩანაწერი № 57431)

000 -LEADER
fixed length control field 00891cam a2200241 a 4500
001 - CONTROL NUMBER
control field 17651550
005 - DATE AND TIME OF LATEST TRANSACTION
control field 20220929120112.0
008 - FIXED-LENGTH DATA ELEMENTS--GENERAL INFORMATION
fixed length control field 130305s2013 njuab b 001 0 eng
020 ## - INTERNATIONAL STANDARD BOOK NUMBER
International Standard Book Number 9780135033739
041 ## - LANGUAGE CODE
Language code of text/sound track or separate title eng
080 ## - UNIVERSAL DECIMAL CLASSIFICATION NUMBER
Universal Decimal Classification number 631.452 S-70
245 00 - TITLE STATEMENT
Title Soil fertility and fertilizers :
Remainder of title an introduction to nutrient management /
Statement of responsibility, etc. John L. Havlin ... [et al.].
250 ## - EDITION STATEMENT
Edition statement 8th ed.
264 ## - PRODUCTION, PUBLICATION, DISTRIBUTION, MANUFACTURE, AND COPYRIGHT NOTICE
Place of production, publication, distribution, manufacture Upper Saddle River, N.J. :
Name of producer, publisher, distributor, manufacturer Pearson,
Date of production, publication, distribution, manufacture, or copyright notice 2013.
300 ## - PHYSICAL DESCRIPTION
Extent 516 p. :
Other physical details ill., maps ;
Dimensions 29 cm.
653 ## - INDEX TERM--UNCONTROLLED
keyword ნიადაგების ნაყოფიერება
653 ## - INDEX TERM--UNCONTROLLED
keyword ნიადაგების სასუქები
700 1# - ADDED ENTRY--PERSONAL NAME
Personal name Havlin, John.
Relator term ავტორი
9 (RLIN) 8583
700 1# - ADDED ENTRY--PERSONAL NAME
Personal name Tisdale, S. L.
Relator term ავტორი
9 (RLIN) 8584
700 1# - ADDED ENTRY--PERSONAL NAME
Personal name Nelson, W. L.
Relator term ავტორი
9 (RLIN) 8585
700 1# - ADDED ENTRY--PERSONAL NAME
Personal name Beaton, J. D.
Relator term ავტორი
9 (RLIN) 8586
942 ## - ADDED ENTRY ELEMENTS (KOHA)
Source of classification or shelving scheme
Koha item type წიგნი
ეგზემპლარები
Withdrawn status Lost status Source of classification or shelving scheme Damaged status Not for loan Permanent Location Current Location Shelving location Date acquired Cost, normal purchase price Full call number Barcode Date last seen Copy number Price effective from Koha item type Public note
          ბათუმის შოთა რუსთაველის სახელმწიფო უნივერსიტეტის მთავარი ბიბლიოთეკა ბათუმის შოთა რუსთაველის სახელმწიფო უნივერსიტეტის მთავარი ბიბლიოთეკა წიგნსაცავი 2020-06-18 181.00 631.452 S-70 60628 2020-06-18 60628 2020-06-18 წიგნი 181 gel.